[Event "ROM-ch"]
[Site "Sebes"]
[Date "2023.02.22"]
[Round "5"]
[White "Stepanencu, Nicodim Cosmin"]
[Black "Georgescu, Tiberiu Marian"]
[Result "1/2-1/2"]
[WhiteElo "2283"]
[BlackElo "2479"]
[PlyCount "60"]
[EventDate "2023.02.19"]
[EventType "swiss"]
[EventRounds "9"]
[EventCountry "ROU"]
[SourceTitle "CBM 212 Extra"]
[Source "ChessBase"]
[SourceDate "2023.03.31"]
[SourceVersion "1"]
[SourceVersionDate "2023.03.31"]
[SourceQuality "1"]

1. e4 e5 2. Nf3 Nc6 3. Bb5 a6 4. Ba4 Nf6 5. 0-0 Be7 6. d3 b5 7. Bb3 d6 8. c3 0-0 9. a4 Bd7 10. Re1 Na5 11. Bc2 c5 12. h3 Qc7 13. Be3 Rfb8 14. axb5 axb5 15. Nbd2 h6 16. d4 cxd4 17. cxd4 Nc6 18. Rc1 Qb7 19. Bb3 Bf8 20. Nf1 Re8 21. Ng3 Na5 22. dxe5 dxe5 23. Bc5 Nxb3 24. Qxb3 Be6 25. Qe3 Bxc5 26. Rxc5 Nd7 27. Rc2 Ra4 28. Rd2 Qa7 29. Qd3 Rc4 30. Qd6 Qc5 1/2-1/2

[Event "Bucharest Super Rapid op"]
[Site "Bucharest"]
[Date "2022.05.01"]
[Round "6"]
[White "Georgescu, Tiberiu Marian"]
[Black "Istratescu, Andrei"]
[Result "0-1"]
[WhiteElo "2477"]
[BlackElo "2460"]
[PlyCount "90"]
[EventDate "2022.04.30"]
[EventType "swiss (rapid)"]
[EventRounds "10"]
[EventCountry "ROU"]
[SourceTitle "CBM 208 Extra"]
[Source "ChessBase"]
[SourceDate "2022.07.31"]
[SourceVersion "1"]
[SourceVersionDate "2022.07.31"]
[SourceQuality "1"]

1. d4 d5 2. c4 e6 3. Nc3 Be7 4. Nf3 Nf6 5. Bf4 0-0 6. e3 c5 7. dxc5 Bxc5 8. cxd5 Nxd5 9. Nxd5 exd5 10. a3 Nc6 11. Be2 a6 12. 0-0 Be6 13. Qc2 Be7 14. Ne5 Rc8 15. Nxc6 Rxc6 16. Qd2 Bd6 17. Bxd6 Qxd6 18. Rac1 Rfc8 19. Bf3 Rxc1 20. Rxc1 Rxc1+ 21. Qxc1 a5 22. Qc3 b6 23. b4 axb4 24. axb4 h6 25. g3 Kf8 26. Kg2 Kg8 27. h4 Kf8 28. Qd4 Qc6 29. Qe5 Kg8 30. Qb8+ Kh7 31. h5 Bf5 32. Qf4 Qe6 33. g4 Bd3 34. Qd4 Be4 35. Bxe4+ dxe4 36. Kg3 g5 37. hxg6+ Kxg6 38. Kf4 f5 39. f3 exf3 40. Kxf3 fxg4+ 41. Kg3 h5 42. e4 Qf6 43. e5 Qf3+ 44. Kh2 g3+ 45. Kg1 Qf2+ 0-1

[Event "ROM-ch Rapid"]
[Site "Bucharest"]
[Date "2022.03.12"]
[Round "9"]
[White "Georgescu, Tiberiu Marian"]
[Black "Negrean, Andrei"]
[Result "1-0"]
[WhiteElo "2467"]
[BlackElo "1941"]
[PlyCount "125"]
[EventDate "2022.03.11"]
[EventType "swiss (rapid)"]
[EventRounds "9"]
[EventCountry "ROU"]
[SourceTitle "CBM 207 Extra"]
[Source "ChessBase"]
[SourceDate "2022.05.31"]
[SourceVersion "1"]
[SourceVersionDate "2022.05.31"]
[SourceQuality "1"]

1. Nf3 Nf6 2. g3 d5 3. Bg2 e6 4. 0-0 Be7 5. d3 c5 6. Bf4 Nc6 7. e4 dxe4 8. dxe4 Qxd1 9. Rxd1 Nxe4 10. Ne5 Nxe5 11. Bxe5 Nf6 12. a4 Rg8 13. Na3 a6 14. Nc4 Nd7 15. Bc7 Bd8 16. Nd6+ Ke7 17. Nxc8+ Rxc8 18. Bd6+ Kf6 19. Bxb7 Ba5 20. Bxc8 Rxc8 21. c3 c4 22. Bb4 Bxb4 23. Rxd7 Be7 24. Rad1 Rb8 25. R1d2 Rc8 26. Ra7 Rc6 27. Rdd7 Bc5 28. Rxf7+ Ke5 29. Rac7 Rxc7 30. Rxc7 Kd5 31. Rxg7 e5 32. Rxh7 Ke4 33. Rc7 Bb6 34. Rc6 Ba7 35. Rxa6 Bb8 36. Kg2 Kd3 37. Rc6 e4 38. a5 Ba7 39. a6 e3 40. fxe3 Bxe3 41. Rc7 Kc2 42. a7 Bxa7 43. Rxa7 Kxb2 44. h4 Kxc3 45. h5 Kd2 46. Rd7+ Ke2 47. h6 c3 48. Rc7 Kd2 49. Rxc3 Kxc3 50. h7 Kc4 51. h8Q Kd3 52. Kf3 Kc4 53. Qd8 Kc5 54. Ke4 Kc6 55. Qd5+ Kc7 56. Qe6 Kb7 57. g4 Kc7 58. g5 Kb7 59. g6 Kc7 60. g7 Kb7 61. g8R Ka7 62. Rg7+ Kb8 63. Qg8# 1-0

[Event "ROM-ch Rapid"]
[Site "Bucharest"]
[Date "2022.03.12"]
[Round "8"]
[White "Serban, Cristian Stefan"]
[Black "Georgescu, Tiberiu Marian"]
[Result "0-1"]
[WhiteElo "2090"]
[BlackElo "2467"]
[PlyCount "82"]
[EventDate "2022.03.11"]
[EventType "swiss (rapid)"]
[EventRounds "9"]
[EventCountry "ROU"]
[SourceTitle "CBM 207 Extra"]
[Source "ChessBase"]
[SourceDate "2022.05.31"]
[SourceVersion "1"]
[SourceVersionDate "2022.05.31"]
[SourceQuality "1"]

1. d4 Nf6 2. c4 e6 3. Nc3 d5 4. cxd5 exd5 5. Bg5 c6 6. Qc2 Be7 7. e3 Nbd7 8. Bd3 Nh5 9. Bxe7 Qxe7 10. Nge2 Nb6 11. h3 g6 12. g4 Ng7 13. 0-0-0 Bd7 14. Ng3 0-0-0 15. Rhe1 h5 16. f3 Kb8 17. Kb1 Qd6 18. Qf2 hxg4 19. hxg4 Rh3 20. Nf1 Qf6 21. Nh2 Rdh8 22. Rh1 Qd6 23. Rd2 f5 24. Bf1 R3h4 25. gxf5 Nxf5 26. e4 Ng3 27. e5 Nxh1 28. Qxh4 Rxh4 29. exd6 Bf5+ 30. Kc1 Ng3 31. Nd1 Nxf1 32. Nxf1 Nc4 33. Rh2 Rxh2 34. Nxh2 Nxd6 35. Ne3 Nb5 36. Kd2 Nxd4 37. Kc3 Nb5+ 38. Kd2 Kc7 39. a4 Nd6 40. Nhf1 Be6 41. Ng3 c5 0-1

[Event "ROM-ch Rapid"]
[Site "Bucharest"]
[Date "2022.03.11"]
[Round "1"]
[White "Georgescu, Tiberiu Marian"]
[Black "Butolo, Alexandru Mircea"]
[Result "1-0"]
[WhiteElo "2467"]
[BlackElo "1850"]
[PlyCount "83"]
[EventDate "2022.03.11"]
[EventType "swiss (rapid)"]
[EventRounds "9"]
[EventCountry "ROU"]
[SourceTitle "CBM 207 Extra"]
[Source "ChessBase"]
[SourceDate "2022.05.31"]
[SourceVersion "1"]
[SourceVersionDate "2022.05.31"]
[SourceQuality "1"]

1. d4 Nf6 2. Nf3 d5 3. c4 e6 4. Nc3 Bb4 5. cxd5 exd5 6. Qa4+ Nc6 7. Bg5 h6 8. Bxf6 Qxf6 9. e3 Bd7 10. Bb5 0-0 11. 0-0 Bxc3 12. bxc3 a6 13. Bxc6 Bxc6 14. Qb3 Bb5 15. Rfc1 Qd6 16. Nd2 Bc6 17. a4 Rab8 18. Qb4 Qd7 19. a5 Rfe8 20. Rab1 Qf5 21. Qc5 Rbc8 22. Nf1 Bb5 23. Ng3 Qe6 24. Re1 b6 25. Qa3 Bd3 26. Rbd1 Bc4 27. h3 b5 28. f3 Qg6 29. Kh2 h5 30. e4 Qg5 31. Qc1 Qxc1 32. Rxc1 g6 33. e5 h4 34. Nh1 c5 35. Nf2 cxd4 36. cxd4 b4 37. Ng4 Kg7 38. Rb1 Rb8 39. Rb2 b3 40. Rc1 Rb5 41. Ne3 Rc8 42. f4 1-0

[Event "ROM-ch"]
[Site "Eforie Nord"]
[Date "2022.02.26"]
[Round "8"]
[White "Toma, Radu Cristian"]
[Black "Georgescu, Tiberiu Marian"]
[Result "0-1"]
[WhiteElo "2388"]
[BlackElo "2467"]
[PlyCount "87"]
[EventDate "2022.02.20"]
[EventType "swiss"]
[EventRounds "9"]
[EventCountry "ROU"]
[SourceTitle "CBM 207 Extra"]
[Source "ChessBase"]
[SourceDate "2022.05.31"]
[SourceVersion "1"]
[SourceVersionDate "2022.05.31"]
[SourceQuality "1"]

1. c4 e6 2. Nf3 d5 3. d4 a6 4. g3 dxc4 5. Bg2 b5 6. 0-0 Bb7 7. a4 Nf6 8. b3 cxb3 9. axb5 axb5 10. Rxa8 Bxa8 11. Qxb3 b4 12. Qa4+ Bc6 13. Qa5 Bd6 14. Nbd2 0-0 15. Re1 Bxf3 16. Bxf3 c5 17. Qa1 cxd4 18. Qxd4 Be7 19. Qa1 Nbd7 20. h4 Nc5 21. h5 Nd5 22. Bb2 Bf6 23. Bxf6 Qxf6 24. Bxd5 exd5 25. Qxf6 gxf6 26. Ra1 Ne4 27. Nb3 Kg7 28. Ra6 Rb8 29. Kg2 h6 30. Ra5 Nc3 31. e3 Rb5 32. Ra7 Ne4 33. Nd4 Rb8 34. Nb3 Rb6 35. Ra5 Nc3 36. g4 f5 37. gxf5 Kf6 38. e4 dxe4 39. Kg3 Kg5 40. f4+ exf3 41. Kxf3 Rb5 42. Ra7 Rxf5+ 43. Kg2 Kxh5 44. Rb7 0-1

[Event "ROM-ch"]
[Site "Eforie Nord"]
[Date "2022.02.24"]
[Round "6"]
[White "Szabo, Gergely Andras"]
[Black "Georgescu, Tiberiu Marian"]
[Result "1/2-1/2"]
[WhiteElo "2524"]
[BlackElo "2467"]
[PlyCount "32"]
[EventDate "2022.02.20"]
[EventType "swiss"]
[EventRounds "9"]
[EventCountry "ROU"]
[SourceTitle "CBM 207 Extra"]
[Source "ChessBase"]
[SourceDate "2022.05.31"]
[SourceVersion "1"]
[SourceVersionDate "2022.05.31"]
[SourceQuality "1"]

1. d4 d5 2. c4 e6 3. Nc3 Nf6 4. cxd5 exd5 5. Bg5 Be7 6. e3 c6 7. Bd3 Nbd7 8. h3 Nb6 9. Bf4 Bd6 10. Nge2 Nh5 11. Bxd6 Qxd6 12. Qc2 g6 13. 0-0-0 Ng7 14. g4 Bd7 15. Kb1 h5 16. f3 Qe7 1/2-1/2

[Event "Bucharest Superbet-B blitz "]
[Site "Bucharest"]
[Date "2019.11.10"]
[Round "16"]
[White "Deac, Bogdan Daniel"]
[Black "Georgescu, Tiberiu Marian"]
[Result "1-0"]
[WhiteElo "2544"]
[BlackElo "2373"]
[PlyCount "49"]
[EventDate "2019.11.06"]
[EventType "tourn (blitz)"]
[EventRounds "18"]
[EventCountry "ROU"]
[EventCategory "7"]
[SourceTitle "CBM 192 Extra"]
[Source "Chessbase"]
[SourceDate "2019.11.06"]
[SourceVersion "1"]
[SourceVersionDate "2019.11.06"]
[SourceQuality "1"]

1. e4 e5 2. Nf3 Nc6 3. Bb5 Nf6 4. d3 Bc5 5. Bxc6 dxc6 6. 0-0 Qe7 7. Nbd2 Bg4 8. h3 Bh5 9. a3 a5 10. Nc4 Nd7 11. g4 Bg6 12. b4 axb4 13. Bg5 f6 14. axb4 Rxa1 15. Qxa1 Bxb4 16. Qa8+ Qd8 17. Qxb7 Qb8 18. Qxc6 fxg5 19. Ncxe5 Qd8 20. Nxg5 0-0 21. Qe6+ Kh8 22. Nxg6+ hxg6 23. Qxg6 Nf6 24. Ne6 Qe8 25. Qxg7# 1-0

[Event "Bucharest Superbet-B blitz "]
[Site "Bucharest"]
[Date "2019.11.09"]
[Round "5"]
[White "Cosma, Elena Luminita"]
[Black "Georgescu, Tiberiu Marian"]
[Result "0-1"]
[WhiteElo "2199"]
[BlackElo "2373"]
[PlyCount "57"]
[EventDate "2019.11.06"]
[EventType "tourn (blitz)"]
[EventRounds "18"]
[EventCountry "ROU"]
[EventCategory "7"]
[SourceTitle "CBM 192 Extra"]
[Source "Chessbase"]
[SourceDate "2019.11.06"]
[SourceVersion "1"]
[SourceVersionDate "2019.11.06"]
[SourceQuality "1"]

1. d4 d5 2. c4 dxc4 3. Nf3 Nf6 4. e3 b5 5. a4 b4 6. Bxc4 e6 7. 0-0 Be7 8. Nbd2 Bb7 9. a5 a6 10. Nb3 Nbd7 11. Bd2 0-0 12. Qe2 Ne4 13. Rfc1 Nxd2 14. Nfxd2 c5 15. dxc5 Nxc5 16. Nxc5 Bxc5 17. Bxe6 Qg5 18. Bh3 Bd6 19. Nc4 Bc7 20. Qg4 Qb5 21. Qf5 Qxf5 22. Bxf5 Rad8 23. Rd1 Bd5 24. Bd3 Be6 25. Be2 Rxd1+ 26. Rxd1 Rb8 27. h3 g6 28. b3 Rb5 29. Ra1 0-1

[Event "Bucharest Superbet-B blitz "]
[Site "Bucharest"]
[Date "2019.11.09"]
[Round "7"]
[White "Georgescu, Tiberiu Marian"]
[Black "Deac, Bogdan Daniel"]
[Result "0-1"]
[WhiteElo "2373"]
[BlackElo "2544"]
[PlyCount "72"]
[EventDate "2019.11.06"]
[EventType "tourn (blitz)"]
[EventRounds "18"]
[EventCountry "ROU"]
[EventCategory "7"]
[SourceTitle "CBM 192 Extra"]
[Source "Chessbase"]
[SourceDate "2019.11.06"]
[SourceVersion "1"]
[SourceVersionDate "2019.11.06"]
[SourceQuality "1"]

1. d4 d5 2. c4 e6 3. Nc3 c6 4. e4 Bb4 5. Bd2 dxc4 6. Nf3 b5 7. a4 Bxc3 8. Bxc3 Nf6 9. axb5 cxb5 10. Qc2 Bb7 11. d5 exd5 12. Rd1 0-0 13. exd5 Nxd5 14. Be2 Qb6 15. Bd4 Qg6 16. Qxg6 hxg6 17. 0-0 Nf4 18. Rfe1 Nxe2+ 19. Rxe2 Bxf3 20. gxf3 Rd8 21. Rdd2 Nc6 22. Bc5 Rxd2 23. Rxd2 Ne5 24. Rd5 Nxf3+ 25. Kg2 Ne1+ 26. Kg3 Nd3 27. Bd4 b4 28. Rd7 a5 29. Rc7 c3 30. bxc3 b3 31. Rb7 a4 32. c4 Rc8 33. c5 Nxc5 34. Rb4 a3 35. Bxc5 Rxc5 36. Rxb3 Ra5 0-1

[Event "Bucharest Superbet-B blitz "]
[Site "Bucharest"]
[Date "2019.11.09"]
[Round "9"]
[White "Georgescu, Tiberiu Marian"]
[Black "Parligras, Mircea Emilian"]
[Result "1/2-1/2"]
[WhiteElo "2373"]
[BlackElo "2458"]
[PlyCount "48"]
[EventDate "2019.11.06"]
[EventType "tourn (blitz)"]
[EventRounds "18"]
[EventCountry "ROU"]
[EventCategory "7"]
[SourceTitle "CBM 192 Extra"]
[Source "Chessbase"]
[SourceDate "2019.11.06"]
[SourceVersion "1"]
[SourceVersionDate "2019.11.06"]
[SourceQuality "1"]

1. c4 e5 2. d3 Nf6 3. Nf3 Nc6 4. a3 d5 5. cxd5 Nxd5 6. e4 Nf6 7. h3 Bc5 8. b4 Bd4 9. Nxd4 Nxd4 10. Bb2 Be6 11. Nd2 0-0 12. Be2 a5 13. bxa5 Rxa5 14. 0-0 Rb5 15. Bxd4 Qxd4 16. Nf3 Qa7 17. d4 Ra5 18. d5 Bc8 19. Bd3 Rxa3 20. Nxe5 Re8 21. Rxa3 Qxa3 22. Nc4 Qc3 23. Qd2 Qxd2 24. Nxd2 c6 1/2-1/2

[Event "Bucharest Superbet-B blitz "]
[Site "Bucharest"]
[Date "2019.11.09"]
[Round "1"]
[White "Lupulescu, Constantin"]
[Black "Georgescu, Tiberiu Marian"]
[Result "1-0"]
[WhiteElo "2525"]
[BlackElo "2373"]
[PlyCount "65"]
[EventDate "2019.11.06"]
[EventType "tourn (blitz)"]
[EventRounds "18"]
[EventCountry "ROU"]
[EventCategory "7"]
[SourceTitle "CBM 192 Extra"]
[Source "Chessbase"]
[SourceDate "2019.11.06"]
[SourceVersion "1"]
[SourceVersionDate "2019.11.06"]
[SourceQuality "1"]

1. Nf3 g6 2. e4 Bg7 3. d4 d6 4. c3 Nf6 5. Bd3 0-0 6. 0-0 c5 7. h3 Nc6 8. d5 Ne5 9. Nxe5 dxe5 10. c4 Ne8 11. Be3 b6 12. Nd2 Nd6 13. a3 f5 14. f3 e6 15. b4 exd5 16. cxd5 f4 17. Bf2 cxb4 18. axb4 Qg5 19. Kh2 Bd7 20. Qe2 Qe7 21. Rfc1 Rfc8 22. Ba6 Rxc1 23. Rxc1 Be8 24. Nc4 Nb5 25. Nxb6 axb6 26. Bxb5 Qxb4 27. Bxe8 Rxe8 28. Rc7 Bf8 29. Qc2 Bd6 30. Qc6 Rd8 31. Rb7 Qd2 32. Qxb6 Qxf2 33. Qxf2 1-0

[Event "Buchares Superbet-B rapid"]
[Site "Bucharest"]
[Date "2019.11.06"]
[Round "1"]
[White "Georgescu, Tiberiu Marian"]
[Black "Peptan, Corina Isabela"]
[Result "1-0"]
[WhiteElo "2508"]
[BlackElo "2371"]
[PlyCount "65"]
[EventDate "2019.11.06"]
[EventType "tourn"]
[EventRounds "9"]
[EventCountry "ROU"]
[EventCategory "10"]
[SourceTitle "CBM 192 Extra"]
[Source "Chessbase"]
[SourceDate "2019.11.06"]
[SourceVersion "1"]
[SourceVersionDate "2019.11.06"]
[SourceQuality "1"]

1. d4 Nf6 2. c4 e6 3. Nc3 Bb4 4. Qc2 c5 5. dxc5 0-0 6. a3 Bxc5 7. Nf3 Nc6 8. Bg5 Be7 9. e4 h6 10. Bh4 Nh5 11. Bxe7 Qxe7 12. Be2 Nf4 13. 0-0 d6 14. Rfe1 Nxe2+ 15. Rxe2 b6 16. Rd1 Ba6 17. Red2 Rfd8 18. Qa4 Bb7 19. Nb5 Ne5 20. Nxe5 dxe5 21. Nd6 Qc7 22. Qb5 f6 23. c5 Rd7 24. Nxb7 Rxd2 25. Rxd2 Qxb7 26. c6 Qf7 27. Rd7 Qe8 28. c7 Kh7 29. g3 Rc8 30. Qc6 Qg8 31. Qd6 Qe8 32. Rd8 Qa4 33. Rxc8 1-0

[Event "ROM-chT"]
[Site "Mamaia"]
[Date "2019.09.26"]
[Round "6.1"]
[White "Rogozenco, Dorian"]
[Black "Georgescu, Tiberiu Marian"]
[Result "1-0"]
[WhiteElo "2491"]
[BlackElo "2508"]
[PlyCount "131"]
[EventDate "2019.09.21"]
[EventType "team-tourn"]
[EventRounds "9"]
[EventCountry "ROU"]
[SourceTitle "EXT 2020"]
[Source "ChessBase"]
[SourceDate "2019.10.17"]
[SourceVersion "1"]
[SourceVersionDate "2019.10.17"]
[SourceQuality "1"]
[WhiteTeam "Timisoara Medicina"]
[BlackTeam "Arad Acs Vados"]
[WhiteTeamCountry "ROU"]
[BlackTeamCountry "ROU"]

1. d4 d5 2. c4 e6 3. Nc3 Nf6 4. cxd5 exd5 5. Bg5 c6 6. e3 Be7 7. Qc2 Nbd7 8. Nf3 h6 9. Bh4 Nh5 10. Bxe7 Qxe7 11. 0-0-0 Nb6 12. Ne5 Nf6 13. Be2 Be6 14. Rhe1 0-0-0 15. Na4 Nfd7 16. Nxd7 Nxd7 17. Bd3 Kb8 18. Kb1 h5 19. Rc1 Rc8 20. Ka1 Rc7 21. Qd2 Qd6 22. h3 Qh2 23. Bf1 Qd6 24. Bd3 h4 25. Rc3 Qb4 26. Qd1 Ka8 27. Nc5 Nxc5 28. Rxc5 g6 29. Qe2 Kb8 30. Rec1 Rh5 31. Bb5 a6 32. a3 Qxb5 33. Rxb5 axb5 34. Qe1 Rg5 35. Qh1 Kc8 36. Qh2 Kd7 37. Rg1 Rf5 38. f3 Rc8 39. e4 Rh5 40. Qf4 Ra8 41. Kb1 b4 42. axb4 dxe4 43. fxe4 Rb5 44. d5 cxd5 45. Rc1 Rc8 46. Rxc8 Kxc8 47. e5 Rb6 48. Qxh4 Rc6 49. b5 Bf5+ 50. Ka2 Re6 51. Qd4 Re7 52. g4 Be6 53. b6 Kd8 54. h4 Ke8 55. h5 gxh5 56. gxh5 Bf5 57. Qa4+ Kf8 58. Qa8+ Re8 59. Qxb7 d4 60. Qc7 d3 61. b7 d2 62. Qd6+ Kg7 63. Qxd2 Be6+ 64. Ka3 Rb8 65. Qg5+ Kf8 66. h6 1-0